000 00826namaa2200169 i 4500
001 173901
003 ES-MaACL
005 20230906215403.0
008 100128s1878 sp |||| | spa d
040 _aSpMaBN
_bspa
_cPAB
100 1 _aBarranco y Caro, Mariano.
_9142054
245 1 3 _aLa horma de su zapato
_b: proverbio en un acto y en prosa, tomado de un pensamiento francés /
_cpor Mariano Barranco y Caro.
260 _aMadrid :
_b[Administración Lírico-Dramática],
_c1878 (
_fImp. de José Rodríguez)
300 _a24 p. ;
_c17 cm.
594 _aEn port.: Estrenado...en el Teatro de Variedades, el 5 de noviembre de 1878.
852 _aES-MaACL
_jF-8627(10)
_z.- Enc. pasta española
_q.- Falto de la cub. original
_z.- Enc. en un vol. facticio formando parte de la col. facticia "Teatro español moderno", vol. 82
999 _c173901
_d173901